Gers - mort subite - Statistiques

Statistiques générales
  • Ce quiz a été pris 38 fois
  • Le résultat moyen est 6 sur 18
Answers on the Grid
Answers color-coded by a green-red scale on the quiz's grid according to % correct below.
Tarbes
Le Talouch
Le lieu de naissance de d'Artagnan
Neuilly-sur-Marne
Une frontière avec le Lot
Une cathédrale
Agen
L'Isle-Jourdain
Eaux-Vives
Eauze
Condom
Le Petit-Bornand
Auch
La source du Gers
La ville ancienne d'Elimberri
Domaine d'Uby
Une autoroute
Le lieu de naissance de Zidane
Une frontière avec Landes
Vauhallan
Fleurance
Le site d'une bataille en 1943
L'Escalier Monumental
La Croix-Rousse
Osny
Larressingle
Des distilleries d'armagnac
Une montagne de 1 000 m
Une voie ferrée électrifiée
Nogaro
Domaine du Tariquet
Jouy-en-Josas
Montrouge
La maison de Makhete M.
Un champ de bataille de la Guerre de Cent Ans
Montréal
 
Statistiques - réponses
Réponse % Correct
Auch
72%
(Charles de Batz de Castelmore) - Château de Castelmore Le lieu de naissance de d'Artagnan
68%
Condom
60%
Eauze
48%
L'Isle-Jourdain
44%
Une frontière avec Landes
44%
Fleurance
40%
Auch Une cathédrale
40%
Des distilleries d'armagnac
32%
Nogaro
32%
Avec ses 374 marches (Auch) L'Escalier Monumental
28%
Domaine du Tariquet
24%
Domaine d'Uby
20%
Larressingle
20%
Un polygame condamné en 2025 pour violences sur conjointes et sur 28 de ses enfants présumés La maison de Makhete M.
16%
Village Montréal
16%
Rivière Le Talouch
12%
Nom aquitain (pré-romain) d'Auch La ville ancienne d'Elimberri
4%
Aucun quiz correspondant
Distribution des résultats
% des personnes avec chaque résultat
Percentile par nombre de réponses
Votre historique - résultats
Vous n’avez pas pris ce quiz